Les pays "visités" par Napoléon 1er - Statistiques

Statistiques générales
  • Ce quiz a été pris 129 fois
  • Le résultat moyen est 17 sur 21
Statistiques - réponses
Hint Réponse % Correct
Europe Espagne
98%
Europe Italie
98%
Europe Russie
98%
Europe Allemagne
96%
Europe Belgique
91%
Afrique Egypte
91%
Europe Autriche
90%
Europe Pologne
88%
Europe Pays-Bas
85%
Europe Suisse
85%
Europe Tchéquie
81%
Europe France
80%
Europe Hongrie
80%
Europe Royaume-Uni
72%
Europe Biélorussie
71%
Europe Luxembourg
71%
Europe Slovaquie
67%
Europe Slovénie
66%
Europe Lituanie
61%
Asie Israël
50%
Europe Malte
40%
Aucun quiz correspondant
Distribution des résultats
% des personnes avec chaque résultat
Percentile par nombre de réponses
Votre historique - résultats
Vous n’avez pas pris ce quiz